| LEADER | 00438cam a2200133 7i4500 | ||
|---|---|---|---|
| 001 | 0000025931 | ||
| 005 | 20110222090000.0 | ||
| 090 | 0 | 0 | |a T 382.7 |b CUS(CAND) |
| 245 | 0 | 0 | |a Customs tariff departmental consolidation 2011 Canada volume 1 : chapter 1 to chapter 38. |
| 260 | 0 | 0 | |a [S.I]: |b Canada Border Services Agency, |c 2011. |
| 300 | # | # | |a [v.p]. |
| 650 | 0 | 0 | |a Canada |
| 650 | 0 | 0 | |a Tariff -- |z Canada |
| 999 | |a 0000028297 |b Book |c Tariffs |e Business Information Centre | ||